Organic synthesis through disconnection approach (Record no. 120694)
[ view plain ]
| 000 -LEADER | |
|---|---|
| fixed length control field | 01179nam a2200241Ia 4500 |
| 003 - CONTROL NUMBER IDENTIFIER | |
| control field | OSt |
| 005 - DATE AND TIME OF LATEST TRANSACTION | |
| control field | 20230607114011.0 |
| 008 - FIXED-LENGTH DATA ELEMENTS--GENERAL INFORMATION | |
| fixed length control field | 210210b2017 xxu||||| |||| 00| 0 eng d |
| 020 ## - INTERNATIONAL STANDARD BOOK NUMBER | |
| International Standard Book Number | 9789385998461 |
| 040 ## - CATALOGING SOURCE | |
| Transcribing agency | AL |
| 041 ## - LANGUAGE CODE | |
| Language code of text/sound track or separate title | eng |
| 082 ## - DEWEY DECIMAL CLASSIFICATION NUMBER | |
| Classification number | 547.2 KALO |
| 100 ## - MAIN ENTRY--PERSONAL NAME | |
| Personal name | KALSI (P S) |
| 9 (RLIN) | 121311 |
| 245 ## - TITLE STATEMENT | |
| Title | Organic synthesis through disconnection approach |
| 250 ## - EDITION STATEMENT | |
| Edition statement | Rev ed 2 |
| 260 ## - PUBLICATION, DISTRIBUTION, ETC. | |
| Place of publication, distribution, etc. | New Delhi |
| Name of publisher, distributor, etc. | Medtech |
| Date of publication, distribution, etc. | 2017 |
| 300 ## - PHYSICAL DESCRIPTION | |
| Extent | xvi,464 |
| 520 ## - SUMMARY, ETC. | |
| Summary, etc. | The book provides a self study in the area of organic synthesis through disconnection approach. It includes all the essential information on the subject which forms an important component of postgraduate course work in all the Indian universities. Key Features: · Focuses on core knowledge in a concise yet complete manner to learn disconnections leading to organic synthesis · Enables the reader to grasp and understand the subject quickly and easily · Provides invaluable hints and tips helping the student assimilate complex information · A huge number of problems and their answers included. |
| 650 ## - SUBJECT ADDED ENTRY--TOPICAL TERM | |
| Topical term or geographic name entry element | organic |
| 9 (RLIN) | 121323 |
| 690 ## - LOCAL SUBJECT ADDED ENTRY--TOPICAL TERM (OCLC, RLIN) | |
| Topical term or geographic name as entry element | Organic Chemistry |
| 9 (RLIN) | 121312 |
| 906 ## - LOCAL DATA ELEMENT F, LDF (RLIN) | |
| a | 071387 |
| 942 ## - ADDED ENTRY ELEMENTS (KOHA) | |
| Source of classification or shelving scheme | Dewey Decimal Classification |
| Koha item type | Book |
| Withdrawn status | Lost status | Source of classification or shelving scheme | Damaged status | Not for loan | Collection code | Home library | Current library | Date acquired | Source of acquisition | Cost, normal purchase price | Total Checkouts | Full call number | Barcode | Date last seen | Price effective from | Koha item type | Cost, replacement price |
|---|---|---|---|---|---|---|---|---|---|---|---|---|---|---|---|---|---|
| Dewey Decimal Classification | Chemistry | St Aloysius Library | St Aloysius Library | 02/17/2021 | Intact Bookhouse Pvt Ltd | 425.00 | 547.2 KALO | 071387 | 02/17/2021 | 02/17/2021 | Book | ||||||
| Dewey Decimal Classification | Chemistry | St Aloysius Library | St Aloysius Library | 06/03/2023 | 547.2 KALO | D05667 | 06/07/2023 | 06/07/2023 | Donated Books | 425.00 |